| 000 | 00813nam a22002537a 4500 | ||
|---|---|---|---|
| 001 | 7387 | ||
| 003 | FISKH | ||
| 005 | 20250711135815.0 | ||
| 008 | 250711b cb ||||| |||| 00| 0 eng d | ||
| 020 | _a9780439874168 | ||
| 040 |
_aFISKH _beng _cFISKH _dFISKH |
||
| 050 | _aQL467 .L43 | ||
| 082 | _a595.7 | ||
| 100 | _aLee, Celeste | ||
| 245 |
_aBizarre bug records / _cCompiled by Celeste Lee and Ryan Herndon |
||
| 260 |
_aNew York : _bScholastic, _c2006 |
||
| 300 |
_a30 pages : _bcolor illustrations ; _c23 cm |
||
| 490 |
_aGuiness world records : _vTop 10 |
||
| 520 | _aThis Guinness World Records book lists the Top 10 most bizarre bug records of all time! | ||
| 650 |
_aAnimal Non-Fiction _vNonfiction _xPicture Book |
||
| 700 |
_aHerndon, Ryan _eAuthor |
||
| 942 |
_2ddc _cBK _n0 |
||
| 999 |
_c7387 _d7387 |
||